000 01051nas a2200337 4500
001 BR2011005204
003 BR-BrBNA
005 20231205115604.0
007 ta
008 230509b bl.|||p| |||| 00| 00por d
040 _aBR-BrBNA
_bpor
_cBiblioteca Nacional de Agricultura
041 _a(Pt)
072 _aF30; H20
100 1 _aSantos, T.M. dos
100 1 _aCosta, M.R.
100 1 _aXavier, A.A.
100 1 _aNietsche, S.
100 1 _aFernandes, t.P.
100 1 _aPereira, G.V.N.
245 1 _aVariabilidade genética de isolados de Fusarium oxysporum f. sp. cubense obtidos de bananais do norte de Minas Gerais
650 _aBANANA
650 _aFRUTA TROPICAL
650 _aGENÉTICA VEGETAL
650 _aMARCADOR MOLECULAR
650 _aMAL DO PANAMÁ
650 _aDOENÇA DE PLANTA
650 _aVARIEDADE RESISTENTE
773 0 _tRevista Brasileira de Fruticultura (Brazil)
_xISSN 0100 2945
_g(Jun 2011), v. 33(2) p. 437-445
_wBR2011005204
909 _a202311
_bLúcia
_c55
_dLúcia Elande
942 _2AGRIS
_n0
_cANA
999 _c214637
_d214637